000 00410nam a22001697a 4500
003 NUST - PNEC
005 20170116181122.0
008 151005b xxu||||| |||| 00| 0 eng d
020 _a1851452583
040 _cLIBRARY
082 _a797.21 JUB
100 _913553
_aJuba, Kelvin
245 _aFit for swimming
_cKelvin Juba
260 _cc.1988
650 _913554
_aSwimming
_xGeneral
942 _2ddc
_cBK
999 _c69625
_d69625